• 首页
  • 本馆介绍
  • 公告通知
  • 最新文献
  • 馆藏检索
  • 电子资源
  • 读者导购
  • 参考咨询
  • 我的图书馆
  • 登录
  • 详细信息显示
  • 放入我的书架
  • 预约/预借图书
  • 作者相关作品
  • 分类相关作品
  • 丛书相关作品
  • 出版社相关作品

书目信息

  • 表格格式
  • 工作单格式
  • 卡片格式
题名:
自动变速器原理与检修
    
 
作者: 赵振宁 , 李东兵 主编
分册:  
出版信息: 北京   北京理工大学出版社  2014.1
页数: 254页
开本: 26cm
丛书名:
单 册:
中图分类: U463.212 , U472.41
科图分类:
主题词: 汽车--自动变速装置--理论 , 汽车--自动变速装置--检修
电子资源:
ISBN: 978-7-5640-8670-1
000 01121nam0 2200277 450
001 0400002337
005 20171130163311.51
010    @a978-7-5640-8670-1@dCNY35.00
100    @a20140429e20162014em y0chiy50 ea
101 0  @achi
102    @aCN@b110000
105    @aa z 000yy
106    @ar
200 1  @a自动变速器原理与检修@9zi dong bian su qi yuan li yu jian xiu@f赵振宁,李东兵主编
205    @a第2版
210    @a北京@c北京理工大学出版社@d2014.1@h2016.1
215    @a254页@c图@d26cm
330    @a本书对目前轿车上出现的各种形式的变速器作了全面介绍,具体分析了各种变速器的优点及其使用范围,探讨了轿车变速器的发展趋势。内容包括液力变速器的组成、作用、使用和注意事项;变矩器结构与工作原理;油泵结构与工作原理;齿轮变速器结构与工作原理;“人机”控制系统;阀体;自动变速器检查与故障诊断;典型变速器故障;自动变速器电路图。
606 0  @a汽车@x自动变速装置@x理论
606 0  @a汽车@x自动变速装置@x检修
690    @aU463.212@v5
690    @aU472.41@v5
701  0 @a赵振宁@9zhao zhen ning@4主编
701  0 @a李东兵@9li dong bing@4主编
801  0 @aCN@bNLC@c20171020
905    @b1032085-9@dU463.212@f5@e541=2
    
    自动变速器原理与检修/赵振宁,李东兵主编.-第2版.-北京:北京理工大学出版社,2014.1(2016.1)
    254页:图;26cm
    
    
    ISBN 978-7-5640-8670-1:CNY35.00
    本书对目前轿车上出现的各种形式的变速器作了全面介绍,具体分析了各种变速器的优点及其使用范围,探讨了轿车变速器的发展趋势。内容包括液力变速器的组成、作用、使用和注意事项;变矩器结构与工作原理;油泵结构与工作原理;齿轮变速器结构与工作原理;“人机”控制系统;阀体;自动变速器检查与故障诊断;典型变速器故障;自动变速器电路图。
●
相关链接 在E读中查询图书 在五车中查询图书 在当当中查询图书 在豆瓣中查询图书


正题名:自动变速器原理与检修     索取号:U463.212/541=2         预约/预借

序号 登录号 条形码 馆藏地/架位号 状态 备注
1 1032085   210320856   第二样本阅览室/ [索取号:U463.212/541=2] 在馆    
2 1032086   210320865   密集书库-物理学院/ [索取号:U463.212/541=2] 在馆    
3 1032087   210320874   第三借阅区/ [索取号:U463.212/541=2] 在馆    
4 1032088   210320883   第三借阅区/ [索取号:U463.212/541=2] 在馆    
5 1032089   210320892   第三借阅区/ [索取号:U463.212/541=2] 在馆    
唐山师范学院图书馆 欢迎您!
大连网信软件有限公司© 版权所有